Contracepción y feminidades: Un análisis de la resistencia a la pastilla = Contraception and feminities: An analysis of the resistance o the phill /
Sábháilte in:
| Príomhchruthaitheoir: | |
|---|---|
| Formáid: | Téacs |
| Clibeanna: |
Cuir clib leis
Níl clibeanna ann, Bí ar an gcéad duine le clib a chur leis an taifead seo!
|
MARC
| LEADER | 00000 a a2200000 04500 | ||
|---|---|---|---|
| 001 | 47081 | ||
| 003 | |||
| 040 | |||
| 090 | |a REV0862 143(I)2014 | ||
| 100 | |a Cuevas Barberousee, Tania | ||
| 245 | |a Contracepción y feminidades: Un análisis de la resistencia a la pastilla = |b Contraception and feminities: An analysis of the resistance o the phill / |c Tania Cuevas Barberousse | ||
| 773 | |g volumen143, número1, (2014), páginas 141-155 | ||
| 999 | |c 22541 |d 22541 | ||
| 773 | 0 | |0 18728 |9 3010 |a Universidad de Costa Rica |d San José, Costa Rica Editorial UCR 1956- |o 16462 |t Revista de Ciencias Sociales/ |x 04825276 | |
